Antología de escritores contemporáneos de los Estados Unidos
Saved in:
| Main Authors: | , |
|---|---|
| Format: | Bog |
| Sprog: | spansk |
| Udgivet: |
Santiago
Nascimento
1944
|
| Udgivelse: | 1a. ed |
| Fag: | |
| Tags: |
Tilføj Tag
Ingen Tags, Vær først til at tagge denne postø!
|
MARC
| LEADER | 00000cam a2200000 a 4500 | ||
|---|---|---|---|
| 001 | UCE2432 | ||
| 003 | CL-VaPUC | ||
| 008 | 140703e19440000cl |||||||||||||||||spa|d | ||
| 082 | 0 | 4 | |a 810 |b BIS |2 21 |
| 100 | 0 | |a Bishop, John Peale |e author |9 574883 | |
| 700 | 0 | |a Tate, Allen |e author |9 418502 | |
| 245 | 1 | 0 | |a Antología de escritores contemporáneos de los Estados Unidos |
| 250 | |a 1a. ed | ||
| 300 | |a t | ||
| 942 | |c BK | ||
| 945 | |d 20140703 14:09:00 |a dcastane | ||
| 260 | |a Santiago |b Nascimento |c 1944 | ||
| 650 | 0 | |a Cuentos estadounidenses |9 265133 | |
| 650 | 7 | |a POESIAS ESTADOUNIDENSES |2 CL-VaPUC |9 574884 | |
| 650 | 0 | |a Literatura estadounidense |9 317168 | |
| 583 | |a last modification |c 20140703 14:09:00 |k Rodrigo Vera | ||
| 999 | |c 356033 |d 356031 | ||
| 952 | |0 0 |1 0 |3 erb |4 0 |6 810_000000000000000_BIS_1944 |7 0 |8 A |9 463107 |a BIBEDU |b BIBEDU |i 5048125 |o 810 BIS 1944 |p 5048125 |r 2019-11-23 |w 2019-11-23 |y BK |z Catalogado en:20140703 |k LIT | ||